Shackleton : an Irishman in Antarctica /

Bibliographic Details
Main Author: Shackleton, Jonathan
Other Authors: MacKenna, John, 1952-
Format: Book
Language:English
Published: Madison : University of Wisconsin Press, [2002]
Subjects:

MARC

Tag First Indicator Second Indicator Subfields
LEADER 00000pam a22000004a 4500
001 in00001728811
005 20151024223059.0
008 021122s2002 wiua b s001 0beng
010 |a  2002075681 
020 |a 0299186202 (cloth : alk. paper) 
035 |a (OCoLC)ocm51095766 
040 |a DLC  |c DLC  |d UtOrBLW 
042 |a pcc 
043 |a e-uk---  |a t------ 
049 |a TXAM 
050 0 0 |a G875.S5  |b S53 2002 
082 0 0 |a 919.8/904  |a B  |2 21 
100 1 |a Shackleton, Jonathan. 
245 1 0 |a Shackleton :  |b an Irishman in Antarctica /  |c Jonathan Shackleton and John MacKenna. 
264 1 |a Madison :  |b University of Wisconsin Press,  |c [2002] 
264 4 |c ©2002 
300 |a 208 pages :  |b illustrations ;  |c 23 cm. 
336 |a text  |b txt  |2 rdacontent 
337 |a unmediated  |b n  |2 rdamedia 
338 |a volume  |b nc  |2 rdacarrier 
504 |a Includes bibliographical references (pages 204-205) and index. 
600 1 0 |a Shackleton, Ernest Henry,  |c Sir,  |d 1874-1922. 
650 0 |a Explorers  |z Great Britain  |v Biography. 
651 0 |a Antarctica  |x Discovery and exploration. 
700 1 |a MacKenna, John,  |d 1952- 
945 |i PromptCat 
948 |a cataloged  |b h  |c 2003/4/4  |d c  |e dmitchel  |f 8:50:20 am 
994 |a 92  |b TXA 
999 |a MARS 
999 f f |s d0964ccd-205f-3630-b389-33666190a6ea  |i 5213b90d-a331-30ae-a2dd-877ae29609f2  |t 0 
952 f f |p ric  |a Texas A&M University  |b Rellis Campus  |c Joint Library Facility  |d Remote Storage  |t 0  |e G875.S5 S53 2002  |h Library of Congress classification  |i unmediated -- volume  |m A14830039808 
998 f f |a G875.S5 S53 2002  |t 0  |l Remote Storage